Jojo ASBR - Caesar Anthonio Zeppeli Moveset - Statistics

General Stats
  • This quiz has been taken 10 times
  • The average score is 13 of 30
Answer Stats
Input Answer % Correct
↓↘→ + M Bubble Cutter
100%
↓↘→ + S for 1/2 HH Bubble Cutter
100%
↙↖ / ↙↑ / ↙↗ Seated Jump
100%
↓↖ / ↓↑ / ↓↗ Seated Jump
100%
↘↖ / ↘↑ / ↘↗ Seated Jump
100%
L or M or H (In Air) Aerial Chain Beat
50%
↓↘→ + L Bubble Launcher
50%
↓↓ + L Bubble Lenses
50%
↓↓ + M Bubble Lenses
50%
↓↓ + H Bubble Lenses
50%
↓↓ + S for 1/2 HH Bubble Lenses
50%
←↓↙ + L Cat Stance
50%
←↓↙ + M Cat Stance
50%
←↓↙ + H Cat Stance
50%
←↓↙ + S for 1/2 HH Cat Stance
50%
↓↘→ + H Gliding Bubble Cutter
50%
S Ripple Breathing
50%
↓↙← + L Ripple Kick
50%
↓↙← + M Ripple Kick
50%
↓↙← + H Ripple Kick
50%
↓↙← + S for 1/2 HH Ripple Kick
50%
↓↘→ + 2 ATK Buttons Bubble Barrier
0%
↓↘→ + 3 ATK Buttons Burn Black!
0%
G Burn Black!
0%
→↓↘ + L One-Fisted Uppercut
0%
→↓↘ + M One-Fisted Uppercut
0%
→↓↘ + H One-Fisted Uppercut
0%
→↓↘ + S for 1/2 HH One-Fisted Uppercut
0%
2 ATK Buttons (←) Ripple Spark
0%
T (←) Ripple Spark
0%
No matching quizzes found
Score Distribution
Percent of People with Each Score
Percentile by Number Answered
Your Score History
You have not taken this quiz